00194nam a22000977a 4500003000400000082000800004100002300012245002600035260002700061300000800088SGT bSEV aSEVANI, DR. ASHOK  aBALYAVSTHA AWM VIKASH aINDIA bSHIKSHA c2015 a230